000 00765nam a22002537a 4500
005 20201128020920.0
008 111121s2011 nju||||| |||| 001 0 eng d
020 _a0205716180
020 _a9780205716180
082 _222
_a306
_bEMB
100 _927829
_aEmber, Carol R
245 _aAnthropology /
_cCarol R. Ember, Melvin Ember, Peter N. Peregrine
250 _a13 th ed.
260 _aNew Jersey :
_bPrentice-Hall,
_c2011.
300 _axvii, 606 p. :
_bill. (some col.) ;
_c29 cm.
500 _aIncludes index.
504 _aBibliography: p. 545--590.
650 _9767
_aAnthropology
653 _bNUR
_cNovember2011
700 _927829
_aEmber, Carol R
700 _927830
_aEmber, Melvin
700 _927831
_aPeregrine, Peter N.
942 _2ddc
_cNRB
999 _c16242
_d16242